Państwa Europy bez dostępu do morza (quiz) - Statystyki

Ogólne statystyki
  • Ten quiz został rozwiązany 195 razy
    166 od ostatniego zresetowania
  • Średni wynik to 13 z 15
Statystyki odpowiedzi
Państwo % Poprawnych
Czechy
94%
Słowacja
93%
Austria
88%
Andora
87%
Liechtenstein
86%
Białoruś
85%
Luksemburg
85%
Macedonia Północna
85%
Watykan
85%
Serbia
83%
San Marino
80%
Szwajcaria
80%
Węgry
80%
Kosowo
79%
Mołdawia
72%
Nie znaleziono quizów pasujących do podanych kryteriów
Rozkład punktacji
Procent ludzi z każdym wynikiem
Percentyl według liczby udzielonych odpowiedzi
Twoja historia wyników
Nie rozwiązałeś tego quizu od ostatniego zresetowania